<?xml version="1.0" encoding="UTF-8"?><?xml-stylesheet type="text/xsl" href="static/style.xsl"?><OAI-PMH xmlns="http://www.openarchives.org/OAI/2.0/" xmlns:xsi="http://www.w3.org/2001/XMLSchema-instance" xsi:schemaLocation="http://www.openarchives.org/OAI/2.0/ http://www.openarchives.org/OAI/2.0/OAI-PMH.xsd"><responseDate>2026-04-17T10:48:27Z</responseDate><request verb="GetRecord" identifier="oai:www.recercat.cat:20.500.14342/1671" metadataPrefix="marc">https://recercat.cat/oai/request</request><GetRecord><record><header><identifier>oai:recercat.cat:20.500.14342/1671</identifier><datestamp>2025-03-11T20:24:23Z</datestamp><setSpec>com_2072_482405</setSpec><setSpec>com_2072_183628</setSpec><setSpec>col_2072_482411</setSpec></header><metadata><record xmlns="http://www.loc.gov/MARC21/slim" xmlns:dcterms="http://purl.org/dc/terms/" xmlns:xsi="http://www.w3.org/2001/XMLSchema-instance" xmlns:doc="http://www.lyncode.com/xoai" xsi:schemaLocation="http://www.loc.gov/MARC21/slim http://www.loc.gov/standards/marcxml/schema/MARC21slim.xsd">
   <leader>00925njm 22002777a 4500</leader>
   <datafield ind2=" " ind1=" " tag="042">
      <subfield code="a">dc</subfield>
   </datafield>
   <datafield ind2=" " ind1=" " tag="720">
      <subfield code="a">Nello Figa, Antoni</subfield>
      <subfield code="e">author</subfield>
   </datafield>
   <datafield ind2=" " ind1=" " tag="260">
      <subfield code="c">1995</subfield>
   </datafield>
   <datafield ind2=" " ind1=" " tag="520">
      <subfield code="a">L'autor reinvindica la validesa i la importància de l'antropologia filosòfica en el ventall de les antropologies contemporànies. De fet, constata que l'antropologia ha caigut en el parany de desligitimar aquell estudi que cerca el sentit de l'home en la seva globalitat, és a dir, més enllà de les seves dimensions parcials i de les seves múltiples concrecions socioculturals. Amb el recurs al mètode empíric que esquiva tot allò que no és mesurable i quantificable, i amb l'excusa de la postmodernitat que invoca la definitiva crisi filosòfica en la recerca del sentit, l'antropologia acaba no donant raó d'allò que més preocupa l'home, les grans qüestions sobre la seva vida i la seva mort, sobre el seu ésser i el seu constant esdevenir. I allò que de fet preocupa l'home, sovint de manera angoixant, és el que preocupa i ocupa l'antropologia filosòfica. La seva aportació en el marc ample de les antropologies es mostra així d'insubstituïble.</subfield>
   </datafield>
   <datafield ind1="8" ind2=" " tag="024">
      <subfield code="a">http://hdl.handle.net/20.500.14342/1671</subfield>
   </datafield>
   <datafield tag="653" ind2=" " ind1=" ">
      <subfield code="a">Antropologia</subfield>
   </datafield>
   <datafield tag="653" ind2=" " ind1=" ">
      <subfield code="a">Filosofia</subfield>
   </datafield>
   <datafield ind2="0" ind1="0" tag="245">
      <subfield code="a">Antropologia, antropologies i oblit de l'home: peripècies de l'antropologia contemporània</subfield>
   </datafield>
</record></metadata></record></GetRecord></OAI-PMH>